000
00330nam a2200157Ia 4500
100
_a
Booch G
250
_a
2
942
_c
BK
654
_a
Computer
245
_a
Object Oriented Analysis & design
260
_b
Addison Wesly
_a
California
_c
1994
082
_a
5.11
_b
BOO
300
_a
589
546
_a
ENGLISH
999
_c
28540
_d
28540